000 00744nam a22002417a 4500
003 UA-OsUOA
001 132849
007 ta
008 20180912b un ||||| |||| 00| 0 ukr d
090 _a821.161.2
_bП59
942 _cBK
040 _aUA-OsUOA
_bukr
_cUA-OsUOA
_dUA-OsUOA
245 _aПорода. Антологія українських письменників Донбасу
_cупор.: В. Білявський, М. Григоров
300 _a384 с.
955 _a3
041 _aukr
080 _a821.161.2
020 _a978-966-97689-1-9
591 _aФедорчук С.
260 _aК.
_bЛегенда
_c2017
650 7 _a82 Література. Літературознавство
_2UDC
999 _c421368
_d421368